Macroeconomics. (Record no. 5782)

MARC details
005 - DATE AND TIME OF LATEST TRANSACTION
control field 20250627175845.0
020 ## - INTERNATIONAL STANDARD BOOK NUMBER
International Standard Book Number 0-07-237412-8
082 ## - DEWEY DECIMAL CLASSIFICATION NUMBER
Classification number 339 SLA
100 ## - MAIN ENTRY--PERSONAL NAME
Author name SLAVIN, S. L.
245 ## - TITLE STATEMENT
Title Macroeconomics.
250 ## - EDITION STATEMENT
Edition statement 6th Ed.
260 ## - PUBLICATION, DISTRIBUTION, ETC.
Place of publication, distribution, etc. New York,
Name of publisher, distributor, etc. Mc Graw-Hill Irwin,
Date of publication, distribution, etc. 2002.
300 ## - PHYSICAL DESCRIPTION
Extent xv, 597p.: ill.; figure, picture, table
Other physical details Glossary & Index
Dimensions 27cm
942 ## - ADDED ENTRY ELEMENTS (KOHA)
Source of classification or shelving scheme Dewey Decimal Classification
Koha item type Books
Holdings
Date last seen Total checkouts Full call number Barcode Cost, replacement price Price effective from Koha item type Lost status Source of classification or shelving scheme Damaged status Not for loan Withdrawn status Home library Current library Date acquired Cost, normal purchase price
06/27/2025   339 SLA DOM0003214 135000.00 06/27/2025 Books   Dewey Decimal Classification       CBE Dodoma CBE Dodoma 03/26/2009 45000.00